|
|
|
|
| LEADER |
00000naa2a2200000 4500 |
| 001 |
630860 |
| 005 |
20231101133631.0 |
| 035 |
|
|
|a (RuTPU)RU\TPU\conf\32412
|
| 035 |
|
|
|a RU\TPU\conf\32411
|
| 090 |
|
|
|a 630860
|
| 100 |
|
|
|a 20200129d2019 k y0rusy50 ba
|
| 101 |
0 |
|
|a eng
|
| 102 |
|
|
|a RU
|
| 105 |
|
|
|a y z 101zy
|
| 135 |
|
|
|a drcn ---uucaa
|
| 181 |
|
0 |
|a i
|
| 182 |
|
0 |
|a b
|
| 200 |
1 |
|
|a The interrelation between of the geometry of the channel of the flare discharge and energy characteristics
|f A. E. Myusova, Yu. Yu. Lutsenko
|
| 203 |
|
|
|a Текст
|c электронный
|
| 230 |
|
|
|a 1 компьютерный файл (pdf; 453 Kb)
|
| 300 |
|
|
|a Заглавие с титульного экрана
|
| 320 |
|
|
|a [Библиогр.: с. 81 (1 назв.)]
|
| 463 |
|
1 |
|0 (RuTPU)RU\TPU\conf\32407
|t Gas Discharge Plasmas and Their Applications (GDP 2019)
|o 14th International Conference, September 15–21, 2019, Tomsk, Russia
|o abstracts
|f National Research Tomsk Polytechnic University (TPU) ; eds. Yu. D. Korolev, N. N. Koval
|v [С. 81]
|d 2019
|
| 610 |
1 |
|
|a электронный ресурс
|
| 610 |
1 |
|
|a труды учёных ТПУ
|
| 610 |
1 |
|
|a геометрия
|
| 610 |
1 |
|
|a факельные разряды
|
| 610 |
1 |
|
|a энергетические характеристики
|
| 610 |
1 |
|
|a плазменные каналы
|
| 610 |
1 |
|
|a энергия
|
| 610 |
1 |
|
|a физические характеристики
|
| 610 |
1 |
|
|a высокочастотные токи
|
| 700 |
|
1 |
|a Myusova
|b A. E.
|
| 701 |
|
1 |
|a Lutsenko
|b Yu. Yu.
|c physicist
|c associate Professor of Tomsk Polytechnic University, doctor of physical and mathematical Sciences
|f 1962-
|g Yuri Yurievich
|2 stltpush
|3 (RuTPU)RU\TPU\pers\31490
|
| 712 |
0 |
2 |
|a Национальный исследовательский Томский политехнический университет
|b Инженерная школа ядерных технологий
|b Отделение ядерно-топливного цикла
|h 7864
|2 stltpush
|3 (RuTPU)RU\TPU\col\23554
|
| 801 |
|
2 |
|a RU
|b 63413507
|c 20200131
|g RCR
|
| 856 |
4 |
|
|u http://earchive.tpu.ru/handle/11683/57773
|
| 942 |
|
|
|c BK
|